000 00341nam a2200145Ia 4500
008 200103s9999||||xx |||||||||||||| ||und||
040 _aIMU-MPC
082 _aColumn-22
100 _aLove, Clyde E.
245 0 _aElements of Analytic Geometry
250 _a3rd Ed.
260 _bMacmillan, London
_c1956
300 _axii, 218
942 _cBK
999 _c6713
_d6713